000 00688nam a2200253 i 4500
001 C2-0280169
003 PPAK
005 20180728011205.0
008 070618s2006 my |||| ||||| | may d
020 _a9789833585663
040 _aPPAK
_beng
_cPPAK
_erda
082 0 4 _a395
_223
090 0 0 _a395
_bSAM
_dG
090 0 0 _a395
_bSAM
_dR
100 0 _aSamsudin Wahab,
_eauthor
245 1 0 _aPanduan protokol dan tatatertib majlis
264 1 _aBatu Caves, Selangor :
_bPTS Professional Publishing ,
_c2006
300 _a224 pages ;
_c23 cm
336 _2rdacontent
_atext
337 _2rdamedia
_aunmediated
338 _2rdacarrier
_avolume
650 1 0 _aEtiquette.
942 _ddc
_cB
999 _c86738
_d86738